<The> Nash Field

Gespeichert in:
Bibliographische Detailangaben
1. Verfasser: Ritzberger, Klaus
Weitere Verfasser: Vogelsberger, Karl
Format: Buch
Sprache:Deutsch
Veröffentlicht: Wien Institut für Höhere Studien 1990
Ausgabe:1. Aufl.
Schriftenreihe:Forschungsbericht/Research Memorandum No.263
Tags: Tag hinzufügen
Keine Tags, Fügen Sie das erste Tag hinzu!

MARC

LEADER 00000nam a2200000 4500
001 c034193
005 20250512100755.3
041 0 |a ger 
044 |a AT 
245 1 0 |a <The> Nash Field  |c Klaus Ritzberger, Karl Vogelsberger 
250 |a 1. Aufl. 
264 1 |a Wien  |b Institut für Höhere Studien  |c 1990 
300 |a 42 s. 
490 1 |a Forschungsbericht/Research Memorandum  |v No.263 
830 0 |a Forschungsbericht/Research Memorandum  |v No.263 
100 1 |a Ritzberger, Klaus 
700 1 |a Vogelsberger, Karl